000 00226nam a22000857a 4500
008 161115b xxu||||| |||| 00| 0 eng d
100 _91227
_aSanjeev Verma.S.etal.
245 _aMathematics-7
260 _aNew Delhi
_bPrachi India
_c2016
999 _c3918
_d3918